| 000 | 00444nam a22001811a 4500 | ||
|---|---|---|---|
| 001 | 5517 | ||
| 003 | OSt | ||
| 005 | 20260204212018.0 | ||
| 008 | 060127s2005||||sp ||||||b||||||||||spa|| | ||
| 020 | _a8420545279 | ||
| 050 | _a372 M831e | ||
| 100 | _aMorrisin, George S. | ||
| 245 | _aEducación preescolar / George S. Morrisin | ||
| 264 | _aEspaña : Person Educación | ||
| 300 | _ap | ||
| 650 | _a1.Educación PreescolarÌ | ||
| 942 |
_2ddc _cBK |
||
| 999 |
_c5517 _d5517 |
||